[Event "Senior DM 2020 65+"]
[Site "Logumkloster"]
[Date "2020.02.11"]
[Round "3"]
[White "Norregaard, Claus"]
[Black "Sorensen, Ivan"]
[Result "0-1"]
[WhiteElo "1941"]
[BlackElo "2062"]
[PlyCount "142"]
[EventDate "2020.02.09"]
[EventType "swiss"]
[EventRounds "7"]
[EventCountry "DEN"]

1. d4 d5 2. c4 e6 3. Nc3 Nf6 4. Bg5 Be7 5. e3 O-O 6. Nf3 h6 7. Bh4 b6 8. cxd5
exd5 9. Bd3 Bb7 10. O-O Ne4 11. Bxe7 Qxe7 12. Qe2 c5 13. Rac1 Nd7 14. Nd2 Rfe8
15. Rfd1 a6 16. Ndxe4 dxe4 17. Bb1 Rac8 18. dxc5 Rxc5 19. Rd4 b5 20. b4 Rc7 21.
Qd2 Nf6 22. Rd1 g6 23. a3 Qe5 24. Ba2 Kg7 25. Bb3 Ng4 26. g3 Qh5 27. h4 Ne5 28.
Kf1 Nf3 29. Qb2 Nxd4 30. Rxd4 Qe5 31. Qd2 Ree7 32. Bd5 Rxc3 33. Rxe4 Qf6 34.
Rf4 Qe5 35. Re4 Qf6 36. Rf4 Qe5 37. Re4 Qxe4 38. Bxe4 Rcc7 39. Qd4+ Kh7 40.
Bxb7 Rxb7 41. Kg2 Rbd7 42. Qc5 Re6 43. Qc8 Rd2 44. Qc3 Red6 45. Qe5 R6d5 46.
Qc3 R2d3 47. Qc6 Rd6 48. Qc5 Rd2 49. Qc3 h5 50. Kf3 Ra2 51. Kg2 Rdd2 52. Qf6
Kg8 53. g4 hxg4 54. Kg3 Rxf2 55. Qxa6 Rg2+ 56. Kf4 Raf2+ 57. Ke4 Rf5 58. a4
bxa4 59. Qxa4 Rgf2 60. b5 Rb2 61. Kd3 g3 62. Kc4 Rfxb5 63. Qa8+ Rb8 64. Qh1 g2
65. Qh2 Rc8+ 66. Kd3 Rd8+ 67. Ke4 Rd1 68. Qe5 g1=Q 69. Qe8+ Kg7 70. Qe5+ Kh7
71. Qxb2 Qg4+ 0-1

[Event "Senior DM 2020 65+"]
[Site "Logumkloster"]
[Date "2020.02.11"]
[Round "3"]
[White "Nielsen, Carsten Juul"]
[Black "Mortensen, John"]
[Result "1/2-1/2"]
[WhiteElo "1902"]
[BlackElo "2068"]
[PlyCount "51"]
[EventDate "2020.02.09"]
[EventType "swiss"]
[EventRounds "7"]
[EventCountry "DEN"]

1. d4 d5 2. c4 e6 3. Nc3 Nf6 4. Bg5 Be7 5. e3 h6 6. Bh4 O-O 7. Nf3 b6 8. cxd5
Nxd5 9. Bxe7 Qxe7 10. Nxd5 exd5 11. Bd3 Be6 12. O-O c5 13. b3 Nd7 14. Rc1 Rac8
15. Qe2 Nf6 16. Rfd1 Rfd8 17. Ne5 cxd4 18. exd4 Qa3 19. Qd2 a6 20. Nc6 Re8 21.
Rc2 b5 22. Rdc1 Qd6 23. Ne5 Ne4 24. Qa5 Rxc2 25. Rxc2 Rc8 26. Bxe4 1/2-1/2

[Event "Senior DM 2020 65+"]
[Site "Logumkloster"]
[Date "2020.02.11"]
[Round "3"]
[White "Bucka Lassen, Edlef"]
[Black "Jensen, Scot Wolfgang"]
[Result "0-1"]
[WhiteElo "1520"]
[BlackElo "1609"]
[PlyCount "54"]
[EventDate "2020.02.09"]
[EventType "swiss"]
[EventRounds "7"]
[EventCountry "DEN"]

1. c4 e5 2. Nc3 Nc6 3. g3 Bc5 4. Bg2 Qf6 5. e3 Nb4 6. d3 c6 7. a3 Na6 8. b4 Be7
9. Nge2 d6 10. O-O h5 11. f4 h4 12. fxe5 Qxe5 13. d4 Qh5 14. Nf4 Qxd1 15. Rxd1
hxg3 16. hxg3 g5 17. Nd3 Nc7 18. Rf1 Bh3 19. Rf2 Bxg2 20. Kxg2 f6 21. Bb2 O-O-O
22. b5 d5 23. bxc6 bxc6 24. c5 Nh6 25. Nb4 Kd7 26. e4 Ng4 27. Kf3 Nxf2 0-1

[Event "Senior DM 2020 65+"]
[Site "Logumkloster"]
[Date "2020.02.11"]
[Round "3"]
[White "Kallenbach, Uffe"]
[Black "Larsen, Arne Walther"]
[Result "0-1"]
[WhiteElo "1615"]
[BlackElo "1712"]
[PlyCount "66"]
[EventDate "2020.02.09"]
[EventType "swiss"]
[EventRounds "7"]
[EventCountry "DEN"]

1. e4 d6 2. d4 Nf6 3. Bd3 g6 4. f4 Bg7 5. Nf3 O-O 6. O-O Bg4 7. Nbd2 c6 8. h3
Bxf3 9. Nxf3 Nbd7 10. c3 Qc7 11. Be3 b5 12. a3 a5 13. Rc1 Nb6 14. Qe1 Nc4 15.
Bxc4 bxc4 16. Nd2 Rab8 17. e5 Nd5 18. Nxc4 Nxe3 19. Qxe3 d5 20. Nd2 Rxb2 21. f5
Qd8 22. Qg5 f6 23. Qe3 fxe5 24. fxg6 exd4 25. gxh7+ Kh8 26. cxd4 e5 27. Nf3
exd4 28. Nxd4 Re8 29. Qd3 Qg5 30. Rc2 Rxc2 31. Nxc2 c5 32. Qb5 Qd8 33. Qxc5 d4
0-1

[Event "Senior DM 2020 65+"]
[Site "Logumkloster"]
[Date "2020.02.11"]
[Round "3"]
[White "Kristoffersen, John"]
[Black "Jensen, Jens Peter"]
[Result "1-0"]
[WhiteElo "1668"]
[BlackElo "1424"]
[PlyCount "75"]
[EventDate "2020.02.09"]
[EventType "swiss"]
[EventRounds "7"]
[EventCountry "DEN"]

1. e4 e5 2. Nf3 d6 3. c3 Be7 4. d4 exd4 5. cxd4 Nf6 6. Nc3 O-O 7. Bd3 Nc6 8. a3
a6 9. h3 h6 10. O-O Bd7 11. Bc2 Nh7 12. Qd3 Ng5 13. Nxg5 Bxg5 14. f4 Bf6 15. e5
g6 16. exf6 Qxf6 17. Be3 d5 18. Rf3 Bf5 19. Qd2 Bxc2 20. Qxc2 Rad8 21. Rd1 Rfe8
22. Qd2 Na5 23. Qf2 Nc4 24. Bc1 c6 25. g4 Nd6 26. g5 hxg5 27. fxg5 Qg7 28. Bf4
Ne4 29. Nxe4 dxe4 30. Rb3 Re7 31. Rd2 Rd5 32. Be5 Qh7 33. Re2 Rdxe5 34. dxe5
Rxe5 35. Rxb7 Rxg5+ 36. Kh2 Rf5 37. Qd4 Qh4 38. Rb8+ 1-0

[Event "Senior DM 2020 65+"]
[Site "Logumkloster"]
[Date "2020.02.11"]
[Round "3"]
[White "Markussen, Benno Orvad"]
[Black "Baagoe, Hans Chr"]
[Result "0-1"]
[WhiteElo "1775"]
[BlackElo "1665"]
[PlyCount "170"]
[EventDate "2020.02.09"]
[EventType "swiss"]
[EventRounds "7"]
[EventCountry "DEN"]

1. c4 g6 2. g3 Bg7 3. Bg2 e6 4. d4 Ne7 5. Nf3 d5 6. O-O O-O 7. b3 Nbc6 8. Bb2
b6 9. Re1 Rb8 10. cxd5 Nxd5 11. Nc3 Bb7 12. Nxd5 exd5 13. Rc1 Ne7 14. Rc2 Rc8
15. Qd2 c5 16. Rec1 Nf5 17. e3 cxd4 18. Nxd4 Rxc2 19. Rxc2 Nxd4 20. Bxd4 Bxd4
21. Qxd4 Qb8 22. Bh3 Re8 23. f3 Ba6 24. Kf2 Bc8 25. Bf1 Bf5 26. Rc3 Rc8 27. Ba6
Rxc3 28. Qxc3 h5 29. Kg2 Qd6 30. Bd3 Bxd3 31. Qxd3 Qa3 32. Qd2 Qc5 33. Qb2 Qxe3
34. Qf2 Qc3 35. Qe2 a5 36. f4 Qc6 37. Kf2 Qe6 38. Qd3 Kf8 39. Qc3 Qd6 40. Qc8+
Kg7 41. Qe8 Qc5+ 42. Kf3 Qc3+ 43. Kg2 Qc2+ 44. Kf3 Qd3+ 45. Kf2 Qd2+ 46. Kf3
Qd3+ 47. Kf2 Qe4 48. Qc6 Qd4+ 49. Ke2 Qc5 50. Qe8 d4 51. Qe5+ Kg8 52. Qe8+ Kg7
53. Qe5+ f6 54. Qe4 Qb5+ 55. Qd3 Qd5 56. Kd2 b5 57. Qe2 Kf7 58. h3 a4 59. g4
hxg4 60. hxg4 axb3 61. axb3 Qxb3 62. Qe4 Qe3+ 63. Qxe3 dxe3+ 64. Kxe3 Ke6 65.
Kd4 Kd6 66. Ke4 b4 67. Kd4 b3 68. Kc3 Kd5 69. f5 g5 70. Kxb3 Ke4 71. Kc3 Kf4
72. Kd3 Kxg4 73. Ke4 Kh4 74. Kf3 g4+ 75. Kf2 Kg5 76. Kg2 Kxf5 77. Kg3 Kg5 78.
Kg2 Kf4 79. Kf2 f5 80. Kg2 Ke3 81. Kg1 Ke2 82. Kg2 f4 83. Kg1 f3 84. Kh1 f2 85.
Kh2 f1=Q 0-1

[Event "Senior DM 2020 65+"]
[Site "Logumkloster"]
[Date "2020.02.11"]
[Round "3"]
[White "Bauner, Jan"]
[Black "Larsen, Finn"]
[Result "1-0"]
[WhiteElo "2004"]
[BlackElo "1822"]
[PlyCount "45"]
[EventDate "2020.02.09"]
[EventType "swiss"]
[EventRounds "7"]
[EventCountry "DEN"]

1. d4 f5 2. g4 d6 3. Nc3 Nc6 4. gxf5 Bxf5 5. e4 Bg6 6. Bg5 Nf6 7. f3 e5 8. d5
Nb8 9. Qd2 Be7 10. Be3 c6 11. O-O-O Qc7 12. Kb1 Nbd7 13. Bh3 O-O-O 14. Bxa7 b6
15. dxc6 Qxc6 16. Be6 Kb7 17. Nd5 Bf8 18. Bxb6 Nxb6 19. Qb4 Qc5 20. Qb3 Ka7 21.
Rd3 Rb8 22. Rc3 Qf2 23. Qa3+ 1-0

[Event "Senior DM 2020 65+"]
[Site "Logumkloster"]
[Date "2020.02.11"]
[Round "3"]
[White "Christiansen, Jens Jorgen"]
[Black "Falberg, Hugo"]
[Result "1-0"]
[WhiteElo "2073"]
[BlackElo "1826"]
[PlyCount "87"]
[EventDate "2020.02.09"]
[EventType "swiss"]
[EventRounds "7"]
[EventCountry "DEN"]

1. d4 f5 2. g3 Nf6 3. Bg2 e6 4. Nf3 Be7 5. c4 d6 6. O-O O-O 7. Qc2 Nc6 8. Rd1
Qe8 9. Nc3 e5 10. dxe5 dxe5 11. Nd5 Nxd5 12. cxd5 Nb4 13. Qxc7 Bf6 14. Qc4 a5
15. Bd2 Bd7 16. Bxb4 Bb5 17. Qc5 axb4 18. e3 Be2 19. Rd2 Bxf3 20. Bxf3 Qa4 21.
Bd1 Qa5 22. Qxa5 Rxa5 23. Bb3 Rd8 24. Rc1 Rd6 25. Rc8+ Bd8 26. Rb8 Rb5 27. Rc2
Kf7 28. Rcc8 Ke7 29. Bc4 Rbb6 30. h4 g6 31. Kg2 e4 32. Kf1 h6 33. Ke2 g5 34. h5
g4 35. Kd2 Rd7 36. Kc2 Bc7 37. Re8+ Kf6 38. Rf8+ Kg5 39. Rg8+ Kxh5 40. Rbf8 Rg6
41. Rxf5+ Rg5 42. Rgxg5+ hxg5 43. Rf6 b5 44. Bxb5 1-0

[Event "Senior DM 2020 65+"]
[Site "Logumkloster"]
[Date "2020.02.11"]
[Round "3"]
[White "Morling, Aase"]
[Black "Jensen, Ole Yde"]
[Result "1-0"]
[WhiteElo "1420"]
[BlackElo "1564"]
[PlyCount "49"]
[EventDate "2020.02.09"]
[EventType "swiss"]
[EventRounds "7"]
[EventCountry "DEN"]

1. e4 e6 2. d4 d5 3. e5 c5 4. c3 Nc6 5. Nf3 Qb6 6. Bd3 cxd4 7. cxd4 Bb4+ 8. Nc3
a6 9. a3 Be7 10. O-O f6 11. Re1 fxe5 12. dxe5 Qd8 13. Bf4 b5 14. b4 Bd7 15. Qd2
Qb6 16. Rac1 Rc8 17. Ne2 a5 18. bxa5 Nxa5 19. Rxc8+ Bxc8 20. Qc2 Nc4 21. Bxh7
Qb7 22. Bg6+ Kd7 23. a4 bxa4 24. Qxa4+ Qc6 25. Be8+ 1-0

[Event "Senior DM 2020 65+"]
[Site "Logumkloster"]
[Date "2020.02.11"]
[Round "3"]
[White "Kristensen, Lars Ostergaard"]
[Black "Stald, Flemming"]
[Result "1/2-1/2"]
[WhiteElo "1632"]
[BlackElo "1836"]
[PlyCount "57"]
[EventDate "2020.02.09"]
[EventType "swiss"]
[EventRounds "7"]
[EventCountry "DEN"]

1. d4 Nf6 2. Nf3 e6 3. c4 d5 4. Nc3 Nbd7 5. cxd5 exd5 6. Bg5 c6 7. e3 Bd6 8.
Bd3 h6 9. Bh4 O-O 10. O-O Re8 11. Qc2 Qc7 12. Ne2 Ne4 13. Bg3 Nxg3 14. Nxg3 Nf6
15. Nf5 Bxf5 16. Bxf5 Ne4 17. g3 Re7 18. Bh3 g6 19. Bg2 Kg7 20. a3 a5 21. Rfb1
Re6 22. Ne1 b6 23. Nd3 Nf6 24. b4 axb4 25. axb4 Ree8 26. b5 Rxa1 27. Rxa1 cxb5
28. Qxc7 Bxc7 29. Rb1 1/2-1/2

[Event "Senior DM 2020 65+"]
[Site "Logumkloster"]
[Date "2020.02.11"]
[Round "3"]
[White "Cordes, Steffen"]
[Black "Pilgaard, Johannes"]
[Result "1/2-1/2"]
[WhiteElo "1928"]
[BlackElo "1487"]
[PlyCount "62"]
[EventDate "2020.02.09"]
[EventType "swiss"]
[EventRounds "7"]
[EventCountry "DEN"]

1. e4 e6 2. d4 d5 3. Nd2 dxe4 4. Nxe4 Nd7 5. Nf3 Ngf6 6. Bg5 Be7 7. Bxf6 Nxf6
8. Nxf6+ Bxf6 9. Bd3 O-O 10. O-O b6 11. Be4 Rb8 12. Qd3 g6 13. Rfd1 Bb7 14.
Bxb7 Rxb7 15. Qa6 Qa8 16. Ne5 c5 17. Qe2 Qb8 18. Qf3 Bxe5 19. dxe5 Re7 20. Qf6
Qc7 21. Rd6 Rd7 22. Rad1 Rfd8 23. Qxd8+ Qxd8 24. Rxd7 Qg5 25. Re1 a5 26. g3 Qf5
27. Re2 Qf3 28. Rdd2 b5 29. Re3 Qb7 30. Red3 Qe4 31. f4 Qe1+ 1/2-1/2

[Event "Senior DM 2020 65+"]
[Site "Logumkloster"]
[Date "2020.02.11"]
[Round "3"]
[White "Hansen, Per (1954)"]
[Black "Matras, Ove"]
[Result "1-0"]
[WhiteElo "2110"]
[BlackElo "1851"]
[PlyCount "127"]
[EventDate "2020.02.09"]
[EventType "swiss"]
[EventRounds "7"]
[EventCountry "DEN"]

1. d4 a6 2. e4 e6 3. Nf3 d5 4. Nc3 dxe4 5. Nxe4 Be7 6. Bd3 Nf6 7. Qe2 c6 8. Bf4
Nxe4 9. Bxe4 Nd7 10. c4 Nf6 11. Bc2 Bb4+ 12. Bd2 Bxd2+ 13. Qxd2 b5 14. O-O O-O
15. Ne5 c5 16. Rfd1 cxd4 17. cxb5 axb5 18. Qd3 g6 19. Nc6 Qc7 20. Nxd4 b4 21.
Rac1 Qb6 22. Bb3 Bb7 23. Qe3 Nd5 24. Qe5 Rad8 25. Rc4 Qd6 26. Qxd6 Rxd6 27. Nf3
Rfd8 28. Rcd4 Kf8 29. Ng5 e5 30. R4d2 Ba8 31. Nxh7+ Ke7 32. Ng5 f5 33. h3 Nf4
34. Rxd6 Rxd6 35. Rxd6 Kxd6 36. Nf7+ Kc5 37. Nxe5 Bxg2 38. Nxg6 Nxg6 39. Kxg2
Nf4+ 40. Kg3 Nd3 41. h4 Kd6 42. Bc2 Nxb2 43. h5 Ke5 44. h6 Kf6 45. h7 Kg7 46.
h8=R Kxh8 47. Kf4 Kg7 48. Kxf5 Nc4 49. Ke6 Nd2 50. Kd5 Kf6 51. Kc5 Ke5 52. Kxb4
Nf3 53. Kc5 Ng5 54. a4 Ne6+ 55. Kb6 Kd6 56. a5 Nc5 57. a6 Nd7+ 58. Kb5 Kc7 59.
Be4 Kb8 60. Bc6 Ne5 61. Kb6 Nc4+ 62. Kc5 Ne5 63. f4 Nd3+ 64. Kb6 1-0

[Event "Senior DM 2020 65+"]
[Site "Logumkloster"]
[Date "2020.02.11"]
[Round "3"]
[White "Haugaard, Thomas"]
[Black "Kristensen, Niels Aage"]
[Result "1/2-1/2"]
[WhiteElo "1680"]
[BlackElo "1479"]
[PlyCount "50"]
[EventDate "2020.02.09"]
[EventType "swiss"]
[EventRounds "7"]
[EventCountry "DEN"]

1. d4 Nf6 2. Nf3 e6 3. Bf4 d5 4. e3 c5 5. c3 Nc6 6. Nbd2 Be7 7. h3 O-O 8. Be2
cxd4 9. exd4 Bd6 10. Bxd6 Qxd6 11. Qc2 Re8 12. O-O-O e5 13. dxe5 Nxe5 14. Nxe5
Qxe5 15. Bd3 Qg5 16. g4 d4 17. Kb1 dxc3 18. Qxc3 Be6 19. Ne4 Nxe4 20. Bxe4
Bxa2+ 21. Kxa2 Rxe4 22. Rhe1 Ra4+ 23. Kb1 Qg6+ 24. Qd3 Qxd3+ 25. Rxd3 Rf4
1/2-1/2

[Event "Senior DM 2020 65+"]
[Site "Logumkloster"]
[Date "2020.02.11"]
[Round "3"]
[White "Gottschalck, Christian"]
[Black "Jorgensen, Orla Eilegaard"]
[Result "1-0"]
[WhiteElo "1701"]
[BlackElo "1586"]
[PlyCount "85"]
[EventDate "2020.02.09"]
[EventType "swiss"]
[EventRounds "7"]
[EventCountry "DEN"]

1. e4 b6 2. d4 Bb7 3. Bd3 f5 4. exf5 Bxg2 5. Qh5+ g6 6. fxg6 Bg7 7. gxh7+ Kf8
8. hxg8=Q+ Kxg8 9. Qg4 Bxh1 10. h4 e6 11. Bg5 Qe8 12. Bf6 Qf8 13. Be5 Nc6 14.
c3 Nxe5 15. dxe5 Qc5 16. Nd2 Qxe5+ 17. Ne2 Qh5 18. Qg3 Qxh4 19. Qxc7 Rf8 20.
O-O-O Qxf2 21. Qxd7 Qf7 22. Qd6 Bb7 23. Ng3 Rh6 24. Nf5 Rf6 25. Ne7+ Kh8 26.
Rg1 Re8 27. Ng6+ Kg8 28. Qg3 a6 29. Nh4 Kf8 30. Bg6 Rxg6 31. Nxg6+ Kg8 32. Rf1
Qd7 33. Qg5 Qd3 34. Ne5 Qe2 35. Rg1 Re7 36. Qxe7 Qxe5 37. Qxb7 Kh8 38. Rh1+ Kg8
39. Qc8+ Kf7 40. Qd7+ Kf6 41. Rf1+ Kg6 42. Qf7+ Kh6 43. Rh1+ 1-0

[Event "Senior DM 2020 65+"]
[Site "Logumkloster"]
[Date "2020.02.11"]
[Round "3"]
[White "Jacobsen, Niels"]
[Black "Pedersen, Borge"]
[Result "0-1"]
[WhiteElo "1868"]
[BlackElo "1980"]
[PlyCount "66"]
[EventDate "2020.02.09"]
[EventType "swiss"]
[EventRounds "7"]
[EventCountry "DEN"]

1. e4 c5 2. Nf3 Nc6 3. Bb5 g6 4. O-O Bg7 5. c3 e5 6. d4 cxd4 7. cxd4 exd4 8.
Bf4 Nge7 9. Bd6 O-O 10. Na3 Re8 11. Nc2 Qb6 12. a4 a6 13. Bxc6 dxc6 14. Ncxd4
Bg4 15. a5 Qd8 16. e5 Nd5 17. Qb3 Qd7 18. h3 Bxf3 19. Nxf3 h6 20. Rfe1 Re6 21.
Nd4 Rxd6 22. exd6 Bxd4 23. Rad1 Bc5 24. Re5 Bxd6 25. Rdxd5 cxd5 26. Rxd5 Rd8
27. g3 Qc7 28. h4 Be7 29. h5 Qc1+ 30. Kh2 Rxd5 31. Qxd5 Qc6 32. Qe5 Qd6 33. Qe3
g5 0-1

[Event "Senior DM 2020 65+"]
[Site "Logumkloster"]
[Date "2020.02.11"]
[Round "3"]
[White "Nielsen, Aage Sondergaard"]
[Black "Olesen, Poul Erik Norgaard"]
[Result "0-1"]
[WhiteElo "1888"]
[BlackElo "2004"]
[PlyCount "46"]
[EventDate "2020.02.09"]
[EventType "swiss"]
[EventRounds "7"]
[EventCountry "DEN"]

1. f4 Nf6 2. Nf3 d6 3. b3 Nc6 4. Bb2 e5 5. fxe5 dxe5 6. e3 Bd6 7. Qe2 Qe7 8.
Nc3 a6 9. Qc4 e4 10. Nd4 Ne5 11. Nd5 Nxd5 12. Qxd5 c5 13. Ne2 f5 14. Bxe5 Bxe5
15. O-O-O Bd7 16. Nc3 Bc6 17. Qc4 b5 18. Qe2 O-O 19. Nb1 a5 20. d4 exd3 21.
Qxd3 a4 22. Nd2 c4 23. bxc4 Rfd8 0-1

[Event "Senior DM 2020 65+"]
[Site "Logumkloster"]
[Date "2020.02.11"]
[Round "3"]
[White "Hvenekilde, Jorgen"]
[Black "Kolbak, Jens"]
[Result "1/2-1/2"]
[WhiteElo "2032"]
[BlackElo "2127"]
[PlyCount "70"]
[EventDate "2020.02.09"]
[EventType "swiss"]
[EventRounds "7"]
[EventCountry "DEN"]

1. d4 Nf6 2. c4 e6 3. Nc3 d5 4. e3 Bd6 5. Nf3 Nbd7 6. c5 Be7 7. b4 O-O 8. Bb2
c6 9. Bd3 Qc7 10. Qc2 a5 11. a3 axb4 12. axb4 Rxa1+ 13. Bxa1 e5 14. dxe5 Nxe5
15. Nxe5 Qxe5 16. Bb2 Qg5 17. O-O Qh4 18. f4 Ng4 19. g3 Qh6 20. Nd1 Bf6 21.
Bxf6 Nxf6 22. Nf2 Re8 23. Re1 g6 24. e4 dxe4 25. Nxe4 Nxe4 26. Rxe4 Rxe4 27.
Bxe4 Qg7 28. Qd2 Qa1+ 29. Kf2 Be6 30. Bf3 Bc4 31. Be2 Bxe2 32. Kxe2 h5 33. Kf2
Qh1 34. Ke3 Qg1+ 35. Kf3 Qh1+ 1/2-1/2

[Event "Senior DM 2020 65+"]
[Site "Logumkloster"]
[Date "2020.02.11"]
[Round "3"]
[White "Andersson, Finn"]
[Black "Gade, Jens"]
[Result "1-0"]
[WhiteElo "1748"]
[BlackElo "1470"]
[PlyCount "65"]
[EventDate "2020.02.09"]
[EventType "swiss"]
[EventRounds "7"]
[EventCountry "DEN"]

1. e4 e5 2. Nf3 Nc6 3. Bb5 a6 4. Ba4 Nf6 5. O-O Be7 6. Re1 d6 7. c3 O-O 8. h3
b5 9. Bc2 Bb7 10. d4 exd4 11. cxd4 Nb4 12. Nbd2 Nxc2 13. Qxc2 Rc8 14. a4 c5 15.
axb5 axb5 16. d5 Nd7 17. Nf1 Bf6 18. Bd2 b4 19. Ra7 Qb6 20. Rea1 Ra8 21. Rxa8
Rxa8 22. Rxa8+ Bxa8 23. Qa4 Qd8 24. b3 Ne5 25. Nxe5 Bxe5 26. Ne3 Kf8 27. Nc4
Bb7 28. Nxe5 dxe5 29. Be3 Qb6 30. Qd7 f6 31. d6 Bc6 32. Qe7+ Kg8 33. d7 1-0

[Event "Senior DM 2020 65+"]
[Site "Logumkloster"]
[Date "2020.02.11"]
[Round "3"]
[White "Mortensen, Steen Juul"]
[Black "Larsen, Alex"]
[Result "1-0"]
[WhiteElo "1927"]
[BlackElo "1428"]
[PlyCount "65"]
[EventDate "2020.02.09"]
[EventType "swiss"]
[EventRounds "7"]
[EventCountry "DEN"]

1. d4 Nf6 2. Nf3 d6 3. c4 Bf5 4. Nc3 e6 5. g3 Be7 6. Bg2 O-O 7. Nh4 c6 8. Nxf5
exf5 9. O-O Nbd7 10. Qc2 g6 11. Rd1 Rc8 12. b4 d5 13. c5 Re8 14. f3 Bf8 15. a4
a6 16. Kf2 h5 17. h4 Nh7 18. Qd3 Qf6 19. Bh3 Qg7 20. Rb1 Be7 21. Bf4 Bf6 22. e3
g5 23. hxg5 Nxg5 24. Bxf5 Rcd8 25. Bc7 Ne6 26. Bxd8 Bxd8 27. Rh1 Nf6 28. Rbg1
Ng5 29. Ne2 Qh6 30. Nf4 Nge4+ 31. fxe4 dxe4 32. Qe2 Nd5 33. Rxh5 1-0

[Event "Senior DM 2020 65+"]
[Site "Logumkloster"]
[Date "2020.02.11"]
[Round "3"]
[White "Jorgensen, Arne Bjorn"]
[Black "Semakoff, Aleks"]
[Result "1/2-1/2"]
[WhiteElo "1957"]
[BlackElo "2006"]
[PlyCount "26"]
[EventDate "2020.02.09"]
[EventType "swiss"]
[EventRounds "7"]
[EventCountry "DEN"]

1. d4 d5 2. Nf3 Nf6 3. c4 e6 4. Nc3 Bb4 5. e3 O-O 6. Be2 b6 7. O-O Ba6 8. cxd5
exd5 9. Bd2 Bxe2 10. Qxe2 Re8 11. a3 Bf8 12. b4 c5 13. bxc5 bxc5 1/2-1/2

[Event "Senior DM 2020 65+"]
[Site "Logumkloster"]
[Date "2020.02.11"]
[Round "3"]
[White "Fjordside, Arne Dan"]
[Black "Palm, Eivind"]
[Result "1-0"]
[WhiteElo "1782"]
[BlackElo "1851"]
[PlyCount "77"]
[EventDate "2020.02.09"]
[EventType "swiss"]
[EventRounds "7"]
[EventCountry "DEN"]

1. d4 e6 2. Nf3 f5 3. g3 Nf6 4. Bg2 c6 5. c4 d5 6. Nc3 Bb4 7. O-O O-O 8. Qc2
dxc4 9. Rd1 Nbd7 10. Ne5 Nxe5 11. dxe5 Nd5 12. e4 Bxc3 13. bxc3 fxe4 14. Bxe4
h6 15. Rd4 Qc7 16. Ba3 c5 17. Rxc4 b6 18. Re1 Ba6 19. Bh7+ Kh8 20. Rh4 Nxc3 21.
Bg6 Nb5 22. Bb2 Rad8 23. a4 Qd7 24. axb5 Bxb5 25. Bc1 Bd3 26. Bxd3 Qxd3 27.
Qxd3 Rxd3 28. Ra4 a5 29. Be3 Rb3 30. Rd1 Kg8 31. Rd6 Re8 32. Rd7 h5 33. Rb7 Rb5
34. Rh4 g6 35. Rc4 Rc8 36. Kg2 Rc6 37. Rf4 c4 38. Rff7 Rxe5 39. Bh6 1-0

[Event "Senior DM 2020 65+"]
[Site "Logumkloster"]
[Date "2020.02.11"]
[Round "3"]
[White "Jorgensen, Jorgen"]
[Black "Olesen, Bent"]
[Result "1/2-1/2"]
[WhiteElo "2186"]
[BlackElo "1986"]
[PlyCount "156"]
[EventDate "2020.02.09"]
[EventType "swiss"]
[EventRounds "7"]
[EventCountry "DEN"]

1. Nf3 d5 2. g3 e6 3. Bg2 Bd6 4. d4 Nd7 5. O-O f5 6. c4 c6 7. Qc2 g6 8. Nc3
Ngf6 9. Ng5 Qe7 10. f3 O-O 11. e4 e5 12. dxe5 Nxe5 13. cxd5 cxd5 14. Nxd5 Nxd5
15. exd5 h6 16. Nh3 Kh7 17. Bd2 Bd7 18. Rfe1 Qf7 19. Qb3 b5 20. Nf4 Nc4 21. Bb4
Bxb4 22. Qxb4 Rfe8 23. b3 Ne3 24. Qd2 Nxg2 25. Kxg2 g5 26. Ne6 Bxe6 27. dxe6
Rxe6 28. Rxe6 Qxe6 29. Re1 Qf7 30. Re5 a6 31. Qd3 Rf8 32. g4 Qf6 33. Qxf5+ Qxf5
34. gxf5 Rc8 35. a4 bxa4 36. bxa4 Rc4 37. a5 Ra4 38. Rc5 Kg7 39. Kg3 h5 40. Kf2
Ra2+ 41. Ke3 Rxh2 42. Rc6 Ra2 43. Rxa6 h4 44. Rg6+ Kf7 45. a6 h3 46. Rxg5 Rxa6
47. Rh5 Ra4 48. Rxh3 Kf6 49. Rh5 Ra3+ 50. Kf4 Ra4+ 51. Kg3 Ra5 52. Kg4 Ra1 53.
Rh6+ Kg7 54. Rb6 Ra7 55. Kg5 Rc7 56. f4 Ra7 57. Rg6+ Kf7 58. Rh6 Ra5 59. Rh7+
Kg8 60. Rb7 Ra1 61. Kg6 Rg1+ 62. Kf6 Rf1 63. Rb8+ Kh7 64. Kf7 Rxf4 65. f6 Rc4
66. Re8 Rc7+ 67. Re7 Rc8 68. Ra7 Rb8 69. Re7 Ra8 70. Rd7 Rb8 71. Rd5 Rb7+ 72.
Ke6 Kg6 73. Rd6 Ra7 74. Rb6 Rf7 75. Ke5 Ra7 76. Rd6 Kf7 77. Rd5 Rb7 78. Kf5 Ra7
1/2-1/2

[Event "Senior DM 2020 65+"]
[Site "Logumkloster"]
[Date "2020.02.11"]
[Round "3"]
[White "Holst, Per"]
[Black "Christiansen, Arne"]
[Result "1/2-1/2"]
[WhiteElo "2138"]
[BlackElo "2000"]
[PlyCount "25"]
[EventDate "2020.02.09"]
[EventType "swiss"]
[EventRounds "7"]
[EventCountry "DEN"]

1. d4 Nf6 2. c4 e6 3. Nf3 b6 4. g3 Bb7 5. Bg2 Be7 6. O-O d5 7. cxd5 exd5 8. Nc3
O-O 9. Ne5 c6 10. b3 Nbd7 11. Nd3 Re8 12. Bb2 Bd6 13. e3 1/2-1/2

[Event "Senior DM 2020 65+"]
[Site "Logumkloster"]
[Date "2020.02.11"]
[Round "3"]
[White "Rasmussen, Bjarne Meldgaard"]
[Black "Andresen, Hans Jorn"]
[Result "1-0"]
[WhiteElo "1911"]
[BlackElo "1998"]
[PlyCount "123"]
[EventDate "2020.02.09"]
[EventType "swiss"]
[EventRounds "7"]
[EventCountry "DEN"]

1. e4 e5 2. Nf3 Nc6 3. Bb5 a6 4. Ba4 Nf6 5. d3 d6 6. c3 Be7 7. O-O Bg4 8. Re1
O-O 9. Nbd2 Re8 10. Nf1 b5 11. Bc2 h6 12. h3 Bh5 13. Ng3 Bg6 14. Nh4 Nh7 15.
Nxg6 fxg6 16. Bb3+ Kh8 17. Bf7 Rf8 18. Bxg6 Bg5 19. Bxh7 Kxh7 20. Qg4 Bxc1 21.
Raxc1 Rf4 22. Qe2 Qg5 23. Qh5 Qf6 24. Nf5 Rh8 25. g3 g6 26. Qe2 gxf5 27. gxf4
exf4 28. d4 Re8 29. Qh5 Rg8+ 30. Kh2 fxe4 31. Rxe4 Ne7 32. Rce1 Ng6 33. Re6 Qf7
34. Re7 Qxe7 35. Rxe7+ Nxe7 36. Qf3 Ng6 37. Qe4 Rg7 38. h4 h5 39. Qf5 Kg8 40.
Qxh5 f3 41. Qd5+ Rf7 42. h5 Ne7 43. Qe6 Kf8 44. h6 Rh7 45. Qf6+ Kg8 46. Kg1 Rf7
47. Qe6 Kf8 48. Kf1 Rh7 49. Qf6+ Kg8 50. Qxf3 Rxh6 51. Qa8+ Kf7 52. Qxa6 c6 53.
c4 bxc4 54. Qxc4+ d5 55. Qd3 Rh4 56. a4 Ke6 57. Qe3+ Re4 58. Qh6+ Kd7 59. Qf6
Re6 60. Qf4 Re4 61. Qb8 Rxd4 62. Qa7+ 1-0

[Event "Senior DM 2020 65+"]
[Site "Logumkloster"]
[Date "2020.02.11"]
[Round "3"]
[White "Johnsen, Oystein"]
[Black "Nielsen, Peter"]
[Result "1-0"]
[WhiteElo "1996"]
[BlackElo "1653"]
[PlyCount "93"]
[EventDate "2020.02.09"]
[EventType "swiss"]
[EventRounds "7"]
[EventCountry "DEN"]

1. d4 Nf6 2. Nf3 e6 3. Bf4 c5 4. e3 b6 5. Nbd2 Bb7 6. Bd3 cxd4 7. exd4 Be7 8.
c3 O-O 9. h4 d6 10. Qc2 h6 11. O-O-O Nbd7 12. Rde1 Re8 13. g4 Nxg4 14. Ne4 e5
15. dxe5 dxe5 16. Bg3 Nc5 17. Nxc5 Bxc5 18. Be4 Bxe4 19. Rxe4 Nf6 20. Rxe5 Rxe5
21. Nxe5 Qd5 22. Re1 Qxa2 23. Nd3 Rd8 24. b4 Qxc2+ 25. Kxc2 Bd6 26. Bxd6 Rxd6
27. c4 Rd4 28. Kc3 Rxh4 29. Re7 b5 30. Re5 bxc4 31. Nc5 Rf4 32. b5 Rxf2 33.
Kxc4 Rf4+ 34. Kb3 Kf8 35. Re1 Nd5 36. Nd7+ Kg8 37. Re8+ Kh7 38. Nf8+ Kh8 39.
Ng6+ Kh7 40. Nxf4 Nxf4 41. Ra8 Ne6 42. Rxa7 f5 43. Kc4 f4 44. Kd5 Kg6 45. b6 f3
46. b7 f2 47. Ra1 1-0

[Event "Senior DM 2020 65+"]
[Site "Logumkloster"]
[Date "2020.02.11"]
[Round "3"]
[White "Gjelstrup, Ole"]
[Black "Overmark, Ole"]
[Result "1-0"]
[WhiteElo "1516"]
[BlackElo "1735"]
[PlyCount "101"]
[EventDate "2020.02.09"]
[EventType "swiss"]
[EventRounds "7"]
[EventCountry "DEN"]

1. e4 c5 2. Nf3 d6 3. b4 Qb6 4. bxc5 dxc5 5. Bc4 e6 6. Nc3 a6 7. O-O Nc6 8. d3
Bd6 9. Re1 Qc7 10. a4 Nge7 11. Ne2 Ng6 12. Bb2 O-O 13. Qd2 Na5 14. Ba2 b5 15.
axb5 axb5 16. c4 b4 17. d4 b3 18. Bb1 Nxc4 19. Qc3 cxd4 20. Nexd4 Nb6 21. Qxc7
Bxc7 22. Rxa8 Nxa8 23. Nxb3 Nb6 24. Nc5 Rd8 25. g3 Nc4 26. Bc3 Bb6 27. Bb4 Nce5
28. Nxe5 Nxe5 29. Kg2 Nc6 30. Ba3 Rd2 31. Bc1 Rd4 32. Nd3 Ba5 33. Re3 Bb6 34.
Re1 Bb7 35. Be3 Rxe4 36. Bxb6 Rc4 37. Kg1 g5 38. Be3 h6 39. h3 Ne7 40. Ne5 Rc3
41. Bd4 Rb3 42. Ng4 h5 43. Nf6+ Kf8 44. Nh7+ Ke8 45. Nxg5 Bc6 46. Rc1 Bb5 47.
Bf6 Nd5 48. Nh7 Ba6 49. Be4 Nb4 50. Rc7 Nd5 51. Bxd5 1-0